MESTSKÁ KNIŽNICA GIRALTOVCE  - online katalóg 

Ako naučiť deti pravidlá (Record no. 22847)

000 -NÁVESTIE
fixed length control field 01539nam a22004093 4500
001 - EVIDENČNÉ ČÍSLO ZÁZNAMU - Kontrolné číslo
control field vtls000640705
005 - DÁTUM A ČAS POSLEDNEJ TRANSAKCIE
control field 20200129125907.0
008 - ÚDAJE S PEVNOU DĹŽKOU – VŠEOBECNÉ INFORMÁCIE
fixed length control field 190619s2019 xo oac d f 001 0 slo d
020 ## - MEDZINÁRODNÉ ŠTANDARDNÉ ČÍSLO KNIHY (ISBN)
Medzinárodné štandardné číslo knihy (ISBN) 9788056611425
Qualifying information (brožované)
035 ## - Iný štandardný identifikátor
Iný štandardný identifikátor a000640705
040 ## - ZDROJ KATALOGIZÁCIE
Pôvodná katalogizujúca agentúra UKB
Jazyk katalogizácie slo
Modifikujúca agentúra UKB
Konvencie popisu rda
Prepisujúca agentúra RDA
041 1# - KÓD JAZYKA
Kód jazyka textu/zvukovej stopy alebo samostatných nápisov slo
Kód jazyka originálu a/alebo sprostredkujúcich prekladov textu ger
044 ## - KÓD KRAJINY VYDAVATEĽA/PRODUCENTA
Kód krajiny MARC xo
Kód krajiny ISO SK
072 #7 - KÓD PREDMETOVEJ KATEGÓRIE
Kód predmetovej kategórie 37
Pododdiel kódu predmetovej kategórie Výchova a vzdelávanie
Zdroj konspekt
080 ## - ČÍSLO MEDZINÁRODNÉHO DESATINNÉHO TRIEDENIA (MDT)
Číslo Medzinárodného desatinného triedenia (MDT) 159.922.7
Identifikátor vydania 2011
080 ## - ČÍSLO MEDZINÁRODNÉHO DESATINNÉHO TRIEDENIA (MDT)
Číslo Medzinárodného desatinného triedenia (MDT) 37.03-053.2
Identifikátor vydania 2011
080 ## - ČÍSLO MEDZINÁRODNÉHO DESATINNÉHO TRIEDENIA (MDT)
Číslo Medzinárodného desatinného triedenia (MDT) 173.3/.5
Identifikátor vydania 2011
080 ## - ČÍSLO MEDZINÁRODNÉHO DESATINNÉHO TRIEDENIA (MDT)
Číslo Medzinárodného desatinného triedenia (MDT) (035)
Identifikátor vydania 2011
100 1# - OSOBNÉ MENÁ – VŠEOBECNÉ INFORMÁCIE
Osobné meno Kast-Zahn, Annette,
Dátumy súvisiace s menom 1956-
Kód roly aut
-- 1633
240 10 - UNIFIKOVANÝ NÁZOV
Unifikovaný názov Jedes Kind kann Regeln lernen.
Jazyk diela Slovensky
245 10 - NÁZOV
Názov Ako naučiť deti pravidlá
Údaj o zodpovednosti atď. Annette Kast-Zahn ; preklad Ivana Bušniaková
246 1# - INÁ FORMA NÁZVU
Zobrazovaný text Na prednej strane obálky:
Hlavný názov/skrátený názov Rady pre rodičov detí od 1 do 14 rokov
250 ## - ÚDAJ O PORADÍ VYDANIA
Údaj o poradí vydania 2. vydanie
264 #1 - VYDAVATEĽSKÉ ÚDAJE, DISTRIBÚCIA ATĎ. - RDA
Miesto publikovania, distribúcie atď. V Bratislave
Názov vydavateľa, distibútora atď. Lindeni
-- Albatros Media Slovakia, s.r.o.
Dátum publikovania, distribúcie atď. 2019
300 ## - FYZICKÝ POPIS
Rozsah 177 strán
Ďalšie fyzické detaily ilustrácie, portréty
336 ## - TYP OBSAHU
Typ obsahu - termín text
Typ obsahu - kód txt
Zdroj rdacontent
337 ## - TYP MÉDIA
Typ média - termín bez média
Typ média - kód n
Zdroj rdamedia
338 ## - TYP NOSIČA
Typ nosiča - termín zväzok
Typ nosiča - kód nc
Zdroj rdacarrier
500 ## - VŠEOBECNÁ POZNÁMKA
Formátovaná poznámka o obsahu Vydalo nakladateľstvo Lindeni v spoločnosti Albatros Media Slovakia, s.r.o.
500 ## - VŠEOBECNÁ POZNÁMKA
Formátovaná poznámka o obsahu Chybný údaj o vydaní na rube titulného listu. Správne: 1 vydanie - podľa údaju NA ISBN
500 ## - VŠEOBECNÁ POZNÁMKA
Formátovaná poznámka o obsahu Preložené z nemčiny
650 07 - PRIDANÝ VSTUP – PREDMET – TEMATICKÉ HESLO
Tematické heslo alebo geografický názov ako vstupný prvok psychológia dieťaťa
Zdroj hesla alebo termínu UKBPH
-- 1634
650 07 - PRIDANÝ VSTUP – PREDMET – TEMATICKÉ HESLO
Tematické heslo alebo geografický názov ako vstupný prvok výchova dieťaťa
Zdroj hesla alebo termínu UKBPH
-- 1598
650 07 - PRIDANÝ VSTUP – PREDMET – TEMATICKÉ HESLO
Tematické heslo alebo geografický názov ako vstupný prvok rodičia a deti
Zdroj hesla alebo termínu UKBPH
-- 1600
655 #7 - INDEXAČNÝ TERMÍN – ŽÁNER/FORMA
Údaje o žánri/forme alebo termín, ktorý je prvok fazety príručky
Zdroj termínu UKBPH
-- 1541
700 1# - PRIDANÝ VSTUP – OSOBNÉ MENO
Osobné meno Bušniaková, Ivana
Kód roly trl
-- 1635
Holdings
Stav stiahnutia (Blokovanie) (Withrawn status) Stav straty Zdroj klasifikácie pre skladovanie Stav poškodenia (Damaged status) Nie pre výpožičky (Not for loan) Spôsob nadobudnutia (Collection code) Trvalé umiestnenie Aktuálne umiestnenie Dátum nadobudnutia Inventárne číslo (prírastkové číslo) Celkom výpožičky Celkom prolongácie (predĺženia) Full call number Čiarový kód Vypožičaných Dátum posledného výskytu Dátum poslednej výpôžičky Cena s účinnosťou od Typ jednotky Koha
          Kúpa Mestská knižnica Giraltovce Mestská knižnica Giraltovce 2020-01-29 21198 1 2 I1848 I1848 2023-08-20 2023-02-27 2023-02-27 2020-01-29 Odborná literatúra pre dospelých

Powered by Koha